| 000 | 00495nam a2200205Ia 4500 | ||
|---|---|---|---|
| 008 | 210210b2016 xxu||||| |||| 00| 0 eng d | ||
| 020 | _a9789351507314 | ||
| 041 | _aeng | ||
| 082 | _a158 WADL | ||
| 100 | _aWADKAR (Alka) | ||
| 245 | _aLife skills for success | ||
| 260 |
_aNew Delhi _bSage Publications India Pvt. Limited. _c2016 |
||
| 300 | _axvi,414 | ||
| 650 | _asuccess | ||
| 650 | _askills | ||
| 650 | _aLife | ||
| 650 | _afor | ||
| 690 | _aApplied Psychology | ||
| 906 | _a073123 | ||
| 999 |
_c122905 _d122905 |
||